Safety of statins in dyslipidemic patients with chronic hepatitis C viral infection / (رقم التسجيلة. 46019)

تفاصيل مارك
000 -LEADER
fixed length control field 01671cam a2200337 a 4500
003 - CONTROL NUMBER IDENTIFIER
control field EG-GiCUC
005 - DATE AND TIME OF LATEST TRANSACTION
control field 20250223031001.0
008 - FIXED-LENGTH DATA ELEMENTS--GENERAL INFORMATION
fixed length control field 140512s2013 ua dh f m 000 0 eng d
040 ## - CATALOGING SOURCE
Original cataloging agency EG-GiCUC
Language of cataloging eng
Transcribing agency EG-GiCUC
041 0# - LANGUAGE CODE
Language code of text/sound track or separate title eng
049 ## - LOCAL HOLDINGS (OCLC)
Holding library Deposite
097 ## - Thesis Degree
Thesis Level M.Sc
099 ## - LOCAL FREE-TEXT CALL NUMBER (OCLC)
Classification number Cai01.11.04.M.Sc.2013.Ra.S
100 0# - MAIN ENTRY--PERSONAL NAME
Personal name Ragab Abdelhafiez Shokr
245 10 - TITLE STATEMENT
Title Safety of statins in dyslipidemic patients with chronic hepatitis C viral infection /
Statement of responsibility, etc. Ragab Abdelhafiez Shokr ; Supervised Hesham Salah Eldin Taha , Sameh Wadae Bakhoum
246 15 - VARYING FORM OF TITLE
Title proper/short title دراسة درجة امان عقار الستاتين لدى مرضى الالتهاب الكبدى الفيروسى (سي) ذوى الكولسترول المرتفع
260 ## - PUBLICATION, DISTRIBUTION, ETC.
Place of publication, distribution, etc. Cairo :
Name of publisher, distributor, etc. Ragab Abdelhafiez Shokr ,
Date of publication, distribution, etc. 2013
300 ## - PHYSICAL DESCRIPTION
Extent 145 P. :
Other physical details charts , facsimiles ;
Dimensions 25cm
502 ## - DISSERTATION NOTE
Dissertation note Thesis (M.Sc.) - Cairo University - Faculty of Medicine - Department of Cardiology
520 ## - SUMMARY, ETC.
Summary, etc. Some studies have shown that patients with hepatitis C are at increased risk cardiovascular disease based on increased carotid intima- media thickness⁴ . These increases in markers of early atherosclerosis in chronic hepatitis C may make 3- hydroxy -3- methylglutary 1 coenzyme A reductase inhibitors (statins) of a particular benefit in this patient population
530 ## - ADDITIONAL PHYSICAL FORM AVAILABLE NOTE
Additional physical form available note Issued also as CD
653 #4 - INDEX TERM--UNCONTROLLED
Uncontrolled term Dyslipidemic
653 #4 - INDEX TERM--UNCONTROLLED
Uncontrolled term Hepatitis C
653 #4 - INDEX TERM--UNCONTROLLED
Uncontrolled term Statins
700 0# - ADDED ENTRY--PERSONAL NAME
Personal name Hesham Salah Eldin Taha ,
Relator term
700 0# - ADDED ENTRY--PERSONAL NAME
Personal name Sameh Wadae Bakhoum ,
Relator term
856 ## - ELECTRONIC LOCATION AND ACCESS
Uniform Resource Identifier <a href="http://172.23.153.220/th.pdf">http://172.23.153.220/th.pdf</a>
905 ## - LOCAL DATA ELEMENT E, LDE (RLIN)
Cataloger Nazla
Reviser Revisor
905 ## - LOCAL DATA ELEMENT E, LDE (RLIN)
Cataloger Soheir
Reviser Cataloger
942 ## - ADDED ENTRY ELEMENTS (KOHA)
Source of classification or shelving scheme Dewey Decimal Classification
Koha item type Thesis
المقتنيات
Source of classification or shelving scheme Not for loan Home library Current library Date acquired Full call number Barcode Date last seen Koha item type Copy number
Dewey Decimal Classification   المكتبة المركزبة الجديدة - جامعة القاهرة قاعة الرسائل الجامعية - الدور الاول 11.02.2024 Cai01.11.04.M.Sc.2013.Ra.S 01010110062537000 22.09.2023 Thesis  
Dewey Decimal Classification   المكتبة المركزبة الجديدة - جامعة القاهرة مخـــزن الرســائل الجـــامعية - البدروم 11.02.2024 Cai01.11.04.M.Sc.2013.Ra.S 01020110062537000 22.09.2023 CD - Rom 62537.CD
Cairo University Libraries Portal Implemented & Customized by: Eng. M. Mohamady Contacts: new-lib@cl.cu.edu.eg | cnul@cl.cu.edu.eg
CUCL logo CNUL logo
© All rights reserved — Cairo University Libraries
CUCL logo
Implemented & Customized by: Eng. M. Mohamady Contact: new-lib@cl.cu.edu.eg © All rights reserved — New Central Library
CNUL logo
Implemented & Customized by: Eng. M. Mohamady Contact: cnul@cl.cu.edu.eg © All rights reserved — Cairo National University Library